000 00958nam a2200301 i 4500
003 DO-SdBNP
005 20251204121438.0
007 ta
008 090928s1907 dr r 000 p spa d
040 _aDO-SdBNP
_bspa
_cBNPHU
_erda
041 _aspa
082 4 _aRD861.42
_bP387c
_222
100 1 _a Pellerano Castro, Arturo B.
_923822
_d1865-1905
_4aut.
245 1 0 _aCriollas ;
_bDe casa /
_cDe Pellerano Castro (Byron)
246 0 3 _aDe casa
264 1 _aSanto Domingo :
_bImprenta Listín Diario,
_c1907.
300 _a62 páginas
_c21 cm.
336 _atexto
_btxt
_2rdacontent
337 _asin mediación
_bn
_2rdamedia
338 _avolumen
_bnc
_2rdacarrier
500 _aDos obras publicadas juntas con paginación continua
590 _aInventariado, 2023/ YL
650 0 _aPoesía dominicana
_966
650 0 _aLiteratura dominicana.
_967
740 0 2 _aDe casa
910 _aYLockward/ Validado. Control de calidad. MFF
942 _2ddc
_cLBS1
999 _c55448
_d55448